Martin Luther King, Jr.

Bibliographic Details
Format: Book
Published: India : Om Books International 2023
Series:The great leaders series
Subjects:

MARC

LEADER 00000cam a2200000 7i4500
001 0000094148
005 20240820162309.0
020 |a 9789352764549 (  |q paperback) 
040 |e rda 
041 |a English 
090 0 0 |a JF   |b BIO ENG 
245 1 0 |a Martin Luther King, Jr. 
264 1 |a India :   |b Om Books International   |c 2023 
300 |a 16 pages :   |b colour illustration ;   |c 28 cm. 
336 |a text  |2 rdacontent 
337 |a unmediated  |2 rdamedia 
338 |a volume  |2 rdacarrier 
490 1 |a The great leaders series 
500 |a Children ages 10-12 years old (pink) 
541 |c Purchased on 2024   |f 00308/2024 TSR   |h RM27.50 
650 0 |a Leadership, English 
650 0 |a Leardership   |x Juvenile literature 
730 0 |a Title 
999 |a 0001770820   |b Book   |c Children Collection   |e Desa - PPAJ 
999 |a 0001770821   |b Book   |c Children Collection   |e Desa - PPAJ 
999 |a 0001770822   |b Book   |c Children Collection   |e Desa - PPAJ 
999 |a 0001770823   |b Book   |c Children Collection   |e Desa - PPAJ 
999 |a 0001770824   |b Book   |c Children Collection   |e Desa - PPAJ 
999 |a 0001770825   |b Book   |c Children Collection   |e Desa - PPAJ 
999 |a 0001770826   |b Book   |c Children Collection   |e Desa - PPAJ 
999 |a 0001770827   |b Book   |c Children Collection   |e Desa - PPAJ 
999 |a 0001770828   |b Book   |c Children Collection   |e Desa - PPAJ 
999 |a 0001770829   |b Book   |c Children Collection   |e Desa - PPAJ 
999 |a 0001770830   |b Book   |c Children Collection   |e Desa - PPAJ 
999 |a 0001770831   |b Book   |c Children Collection   |e Desa - PPAJ 
999 |a 0001770832   |b Book   |c Children Collection   |e Desa - PPAJ 
999 |a 0001770833   |b Book   |c Children Collection   |e Desa - PPAJ 
999 |a 0001770834   |b Book   |c Children Collection   |e Desa - PPAJ 
999 |a 0001770835   |b Book   |c Children Collection   |e Desa - PPAJ 
999 |a 0001770836   |b Book   |c Children Collection   |e Desa - PPAJ 
999 |a 0001770837   |b Book   |c Children Collection   |e Desa - PPAJ 
999 |a 0001770838   |b Book   |c Children Collection   |e Desa - PPAJ 
999 |a 0001770839   |b Book   |c Children Collection   |e Desa - PPAJ 
999 |a 0001770840   |b Book   |c Children Collection   |e Desa - PPAJ 
999 |a 0001770841   |b Book   |c Children Collection   |e Desa - PPAJ 
999 |a 0001770842   |b Book   |c Children Collection   |e Desa - PPAJ 
999 |a 0001770843   |b Book   |c Children Collection   |e Desa - PPAJ 
999 |a 0001770844   |b Book   |c Children Collection   |e Desa - PPAJ 
999 |a 0001770845   |b Book   |c Children Collection   |e Desa - PPAJ 
999 |a 0001770846   |b Book   |c Children Collection   |e Desa - PPAJ 
999 |a 0001770847   |b Book   |c Children Collection   |e Desa - PPAJ 
999 |a 0001770848   |b Book   |c Children Collection   |e Desa - PPAJ 
999 |a 0001770849   |b Book   |c Children Collection   |e Desa - PPAJ 
999 |a 0001770850   |b Book   |c Children Collection   |e Desa - PPAJ 
999 |a 0001770851   |b Book   |c Children Collection   |e Desa - PPAJ 
999 |a 0001770852   |b Book   |c Children Collection   |e Desa - PPAJ 
999 |a 0001770853   |b Book   |c Children Collection   |e Desa - PPAJ 
999 |a 0001770854   |b Book   |c Children Collection   |e Desa - PPAJ 
999 |a 0001770855   |b Book   |c Children Collection   |e Desa - PPAJ 
999 |a 0001770856   |b Book   |c Children Collection   |e Desa - PPAJ 
999 |a 0001770857   |b Book   |c Children Collection   |e Desa - PPAJ 
999 |a 0001770858   |b Book   |c Children Collection   |e Desa - PPAJ 
999 |a 0001770859   |b Book   |c Children Collection   |e Desa - PPAJ 
999 |a 0001770860   |b Book   |c Children Collection   |e Desa - PPAJ 
999 |a 0001772132   |b Book   |c Children Collection   |e Perbadanan Perpustakaan Awam Johor 
999 |a 0001772133   |b Book   |c Children Collection   |e Cawangan Urban Transformation Centre 
999 |a 0001772134   |b Book   |c Children Collection   |e Cawangan AEON Kulaijaya 
999 |a 0001772135   |b Book   |c Children Collection   |e Cawangan Pontian 
999 |a 0001772136   |b Book   |c Children Collection   |e Cawangan Bukit Gambir 
999 |a 0001772137   |b Book   |c Children Collection   |e Cawangan Mersing 
999 |a 0001772138   |b Book   |c Children Collection   |e Perbadanan Perpustakaan Awam Johor 
999 |a 0001772139   |b Book   |c Children Collection   |e Cawangan Tmn. Ungku Tun Aminah 
999 |a 0001772140   |b Book   |c Children Collection   |e Cawangan Batu Pahat 
999 |a 0001772141   |b Book   |c Children Collection   |e Cawangan Bandar Tenggara 
999 |a 0001772142   |b Book   |c Children Collection   |e Cawangan Tangkak 
999 |a 0001772143   |b Book   |c Children Collection   |e Cawangan Taman Sri Lambak 
999 |a 0001772144   |b Book   |c Children Collection   |e Cawangan Segamat 
999 |a 0001772145   |b Book   |c Children Collection   |e Cawangan Muar 
999 |a 0001772146   |b Book   |c Children Collection   |e Cawangan Taman Universiti 
999 |a 0001772147   |b Book   |c Children Collection   |e Cawangan Kota Tinggi 
999 |a 0001772148   |b Book   |c Children Collection   |e Cawangan Bandar Penawar